Διαδρομή : ποιήματα

Αποθηκεύτηκε σε:
Λεπτομέρειες βιβλιογραφικής εγγραφής
Κύριος συγγραφέας: Τσώνη, Βάσια
Μορφή: Βιβλίο
Γλώσσα:Greek
Δημοσίευση: Αθήνα : Ιωλκός, 1980
Θέματα:
Ετικέτες: Προσθήκη ετικέτας
Δεν υπάρχουν, Καταχωρήστε ετικέτα πρώτοι!

MARC

LEADER 00000nam a2200000 i 4500
001 1/44571
008 941103s1980 gre d
035 |a 1980  |l 10042314 
040 |a GR-MY-UA  |b gre  |e aacr 
041 1 |a gre 
082 0 |a 889.1 
100 1 |a Τσώνη, Βάσια. 
245 1 0 |a Διαδρομή :  |b ποιήματα /  |c Βάσια Τσώνη 
260 |a Αθήνα :   |b Ιωλκός,   |c 1980 
300 |a 60 σ.;  |c 1980 
650 0 0 |a Greek poetry. 
852 |a INST  |b SAMOS  |e 19941103  |h 889.1 ΤΣΩ  |p 005300000643  |q 005300000643  |t BK  |y 0 
909 |a Σ  |b 000224